000
00273nam a2200109Ia 4500
008
230907s9999||||xx |||||||||||||| ||und||
082
_a
801
_b
NEW
100
_a
Newell, Kate,
_9
115920
245
0
_a
Expanding adaptation networks :
300
_a
xii, 228 pages :
942
_c
BK
999
_c
600146
_d
600146